Tiếng Việt đại cương - ngữ âm
Đại cương về tiếng Việt. Âm tiết tiếng Việt. Âm vị tiếng Việt.
Na minha lista:
| Autor principal: | |
|---|---|
| Outros Autores: | |
| Formato: | Livro |
| Idioma: | Vietnamese |
| Publicado em: |
H.
Đại học Sư phạm
2012
|
| Edição: | In lần thứ ba |
| Assuntos: | |
| Tags: |
Adicionar Tag
Sem tags, seja o primeiro a adicionar uma tag!
|
| Thư viện lưu trữ: | Mạng thư viện Đại học Đà Nẵng |
|---|
| LEADER | 01305nam a2200361 4500 | ||
|---|---|---|---|
| 001 | 000024129 | ||
| 003 | 20608 | ||
| 005 | 20161012081047.0 | ||
| 008 | 161010s2012 viesd | ||
| 020 | |c 42000đ | ||
| 041 | 0 | |a vie | |
| 082 | 1 | 4 | |a 495.922158 |b BU-T |
| 100 | 1 | |a Bùi Minh Toán | |
| 245 | 1 | 0 | |a Tiếng Việt đại cương - ngữ âm |c Bùi Minh Toán, Đặng Thị Lanh. |
| 250 | |a In lần thứ ba | ||
| 260 | |a H. |b Đại học Sư phạm |c 2012 | ||
| 300 | |a 187 tr. |b hình, bảng |c 24 cm. | ||
| 500 | |a ĐTTS ghi: Bộ Giáo và Đào tạo. Dự án đào tạo giáo viên THCS. | ||
| 520 | 3 | |a Đại cương về tiếng Việt. Âm tiết tiếng Việt. Âm vị tiếng Việt. | |
| 650 | 0 | 4 | |a Tiếng Việt |x Ngữ âm |
| 653 | |a Âm tiết | ||
| 653 | |a Tiếng Việt | ||
| 700 | 1 | |a Đặng Thị Lanh | |
| OWN | |a LSP | ||
| AVA | |a UDN50 |b LSP |d 495.922158 BU-T |e available |t Error 5001 Not defined in file expand_doc_bib_avail. |f 5 |g 0 |h N |i 0 |k 1 | ||
| 999 | |a From the UDN01 | ||
| AVA | |a UDN50 |b LSP |d 495.922158 BU-T |e available |t Error 5001 Not defined in file expand_doc_bib_avail. |f 5 |g 0 |h N |i 0 |k 1 | ||
| TYP | |a Monograph | ||
| TYP | |a Printed language | ||
| 980 | |a Mạng thư viện Đại học Đà Nẵng | ||